000 00738nmm a2200277 a 4500
003 AR-BaBNM
005 20251128211217.0
008 103020s1992 ||||||||||||||000 | spa||
040 _cAR-BaBNM
245 1 0 _aHandbook for the study of the United States
260 _aFilipinas
_bThe United States Information Agency
_c1992
300 _axvii; 316 p.
650 4 _aSOCIEDAD
650 4 _aHISTORIA POLITICA
650 4 _aHISTORIA DE LA EDUCACION
650 4 _aHISTORIA ECONOMICA
650 4 _aHISTORIA SOCIAL
650 4 _aMUJERES
650 4 _aBIBLIOGRAFIA
650 4 _aREFERENCIA
651 4 _aEstados Unidos
700 1 _aFrank, Perry
_eeditor
700 1 _aBate, William
_eeditor
942 _cBK
998 _cMariana
999 _c18732
_d18732